02085nam a2200325 i 450000100060000000300080000600500170001400800390003102000350007002000320010502000180013702000150015503500210017004000590019104100080025008200220025810000270028024500850030726000460039230000560043849000560049450502260055052008270077665000150160365000240161865500220164283000070166477600340167183000540170537057BD-RjUL20211209052555.0141012s1991 nyua o 000 0 eng a9781461230069 (electronic bk.) a1461230063 (electronic bk.) z9781461277569 z1461277566 a(OCoLC)853268685 aAU@bengepncAU@dOCLCOdOCLCQdGW5XEdOCLCQdBD-RjUL aeng04a547223bALK 19911 aPelletier, S. William.10aAlkaloids: Chemical and Biological Perspectivescedited by S. William Pelletier. aNew York, NY :bSpringer New York,c1991. a1 online resource (xv, 591 pages 39 illustrations).1 aAlkaloids: Chemical and Biological Perspectives,v70 aHomoerythrina and Related Alkaloids -- Carbon-13 NMR Spectroscopy of Steroidal Alkaloids -- Carbon-13 and Proton NMR Shift Assignments and Physical Constants of Norditerpenoid Alkaloids -- Subject Index -- Organism Index. aThis monograph series provides unprecedented interdisciplinary coverage of research relating to the chemistry and biology of alkaloids - a class of biologically active compounds of more than 10,000 members. Timely, comprehensive and authoritative, the series features chapters on chemical properties and structure elucidation, synthesis, biosynthesis, taxonomy, spectroscopy, pharmacology, and toxicology. These vol- umes will provide valuable information for investigators working in such diverse fields as medical chemistry, natural products chemistry, pharmacology, pharmacognosy, physiology, biochemistry, phytochemistry, plant taxonomy, oncology, forensic science, and medicine. The chapters are written by eminent researchers, all of them acknowledged experts in the field. Subject and organism indexes are included. 0aChemistry. 0aChemistry, Organic. 4aElectronic books. 0v7.08iPrint version:z9781461277569 0aAlkaloids: Chemical and Biological Perspectives ;